000 00590pam a2200217 a 4500
001 1843017
005 20180117035514.0
008 810831s1981 gw a b 001 0 eng
010 _a 81014459
020 _a0387110461 (U.S. : pbk.)
040 _aDLC
_cDLC
_dDLC
041 _aeng
080 _a001.6424
082 0 0 _a001.6424 CLO
_219
100 1 _a30
101 _aSHKI
245 1 0 _aProgramming in Prolog /
_cW.F. Clocksin, C.S. Mellish.
504 _aIncludes bibliographical references and index.
906 _a7
_bcbc
_corignew
_d1
_eocip
_f19
_gy-gencatlg
942 _2ddc
_cBK
999 _c40407
_d40407